000
00340nam a2200145Ia 4500
003
OSt
005
20231107065405.0
008
170524s9999 xx 000 0 und d
020
_a
817446543X
040
_c
IIMT
100
_a
SENGUPTA- NILAJAN
245
0
_a
EMOTIONAL INTELLIGENCE MYTH OR REALITY
260
_b
EXCEL BOOKS
942
_2
ddc
_c
02
999
_c
8265
_d
8265